[Event "TUR-chT2"]
[Site "Konya"]
[Date "2018.07.14"]
[Round "7.9"]
[White "Tayhan, Samil Burak"]
[Black "Demirbas, Fatih"]
[Result "1-0"]
[WhiteElo "1663"]
[BlackElo "1733"]
[PlyCount "71"]
[EventDate "2018.07.10"]
[EventType "team-swiss"]
[EventRounds "9"]
[EventCountry "TUR"]
[SourceTitle "EXT 2019"]
[Source "ChessBase"]
[SourceDate "2018.10.10"]
[SourceVersion "1"]
[SourceVersionDate "2018.10.10"]
[SourceQuality "1"]
[WhiteTeam "Akcakoca Esentepe Okulu"]
[BlackTeam "Trabzon Feda"]
[WhiteTeamCountry "TUR"]
[BlackTeamCountry "TUR"]

1. d4 Nf6 2. Bf4 d6 3. e3 g6 4. Nf3 Bg7 5. h3 0-0 6. Be2 c5 7. Nbd2 Nc6 8. c3 Nd5 9. Bh2 cxd4 10. exd4 e5 11. dxe5 dxe5 12. Ne4 Be6 13. Nc5 Qb6 14. Nxe6 fxe6 15. Qc2 e4 16. Qxe4 Qxb2 17. 0-0 Nxc3 18. Qxe6+ Kh8 19. Bd3 Rae8 20. Qg4 Rd8 21. Bc4 b5 22. Bb3 Nd4 23. Nxd4 Rxd4 24. Qe6 Re4 25. Qd6 Re2 26. Bg3 Ne4 27. Qc7 Nxg3 28. Qxg3 Rexf2 29. Rxf2 Qxa1+ 30. Kh2 Be5 31. Rxf8+ Kg7 32. Rf4 h6 33. Qe3 g5 34. Qxa7+ Kh8 35. Qa8+ Kg7 36. Qg8# 1-0

[Event "TUR-chT2"]
[Site "Konya"]
[Date "2018.07.12"]
[Round "4.9"]
[White "Tayhan, Samil Burak"]
[Black "Gokce, Mevlut Kutsot"]
[Result "1-0"]
[WhiteElo "1663"]
[BlackElo "1715"]
[PlyCount "113"]
[EventDate "2018.07.10"]
[EventType "team-swiss"]
[EventRounds "9"]
[EventCountry "TUR"]
[SourceTitle "EXT 2019"]
[Source "ChessBase"]
[SourceDate "2018.10.10"]
[SourceVersion "1"]
[SourceVersionDate "2018.10.10"]
[SourceQuality "1"]
[WhiteTeam "Akcakoca Esentepe Okulu"]
[BlackTeam "Pamukkale Yonetimi"]
[WhiteTeamCountry "TUR"]
[BlackTeamCountry "TUR"]

1. d4 e6 2. Nf3 Nf6 3. Bf4 b6 4. e3 Bb7 5. h3 d5 6. Nbd2 Bd6 7. Ne5 0-0 8. Bd3 c5 9. c3 Nc6 10. Ndf3 Qc7 11. Qe2 Ne4 12. Nxc6 Bxc6 13. Bxd6 Qxd6 14. Ne5 f6 15. Nxc6 Qxc6 16. Bxe4 dxe4 17. Rd1 c4 18. 0-0 Rad8 19. f3 exf3 20. Qxf3 Qxf3 21. Rxf3 Rd7 22. e4 Rfd8 23. Kf2 Kf7 24. Ke3 Ke7 25. g4 h6 26. h4 Rh8 27. Rdf1 Rdd8 28. Rg1 g5 29. h5 Rhf8 30. Rgf1 a6 31. R3f2 b5 32. b4 Ra8 33. a4 Rf7 34. a5 Rff8 35. Rf3 Rad8 36. Rd1 Rf7 37. Rf2 Rff8 38. Rdf1 Rc8 39. e5 fxe5 40. dxe5 Rxf2 41. Rxf2 Rd8 42. Rf6 Rd3+ 43. Ke4 Rxc3 44. Rxh6 Rd3 45. Rg6 Rd1 46. h6 Rh1 47. Kd4 Rh4 48. Kc5 c3 49. Rg7+ Kf8 50. Rc7 Rxh6 51. Kb6 Rh4 52. Kxa6 Rxg4 53. Kxb5 Re4 54. Rxc3 Rxe5+ 55. Kb6 Ke7 56. a6 Rd5 57. a7 1-0

[Event "TUR-chT2"]
[Site "Konya"]
[Date "2017.07.14"]
[Round "8.8"]
[White "Tayhan, Samil Burak"]
[Black "Ertekin, Oguzhan"]
[Result "1/2-1/2"]
[WhiteElo "1734"]
[BlackElo "1642"]
[PlyCount "67"]
[EventDate "2017.07.09"]
[EventType "team-swiss"]
[EventRounds "9"]
[EventCountry "TUR"]
[SourceTitle "CBM 179 Extra"]
[Source "ChessBase"]
[SourceDate "2017.08.23"]
[SourceVersion "1"]
[SourceVersionDate "2017.08.23"]
[SourceQuality "1"]
[WhiteTeam "Genclik Merkezi Genc"]
[BlackTeam "Derince Turgut"]
[WhiteTeamCountry "TUR"]
[BlackTeamCountry "TUR"]

1. d4 Nf6 2. Nf3 d5 3. c4 e6 4. g3 c6 5. Nbd2 Nbd7 6. Qc2 Bd6 7. Bg2 0-0 8. 0-0 b5 9. e4 Bb4 10. exd5 cxd5 11. cxb5 Qb6 12. Qb3 Bd6 13. Re1 a5 14. a4 Bb7 15. Qd3 Ne4 16. Nxe4 dxe4 17. Rxe4 Bxe4 18. Qxe4 Nf6 19. Qh4 Rad8 20. Bd2 Be7 21. Rc1 Rc8 22. Rd1 Rc2 23. Ne5 Nd5 24. Qe4 Rxb2 25. Nc4 Rxd2 26. Rxd2 Qc7 27. Ne3 Nxe3 28. Qxe3 Qc4 29. Re2 Bd6 30. Qe4 Qxa4 31. d5 Qd1+ 32. Re1 Qxd5 33. Qxd5 exd5 34. Bxd5 1/2-1/2